| 000 | 00959pam a2200289 a 4500 | ||
|---|---|---|---|
| 001 | 654749 | ||
| 003 | OSt | ||
| 005 | 20140315090010.0 | ||
| 008 | 941018s1995 nyua j 000 1 eng | ||
| 010 | _a 94042298 | ||
| 020 | _a0439636167 | ||
| 040 |
_aDLC _cDLC _dDLC |
||
| 042 | _alcac | ||
| 050 | 0 | 0 |
_aPZ 7 _b.M1992Sh 1995 |
| 100 | 1 |
_aMyers, Walter Dean, _d1937- _927608 |
|
| 245 | 1 | 0 |
_aShadow of the red moon / _cWalter Dean Myers. |
| 260 |
_aNew York : _bScholastic, _c1995. |
||
| 300 |
_a183 p. : _bill. ; _c22 cm. |
||
| 521 | _aG4 | ||
| 526 | _c660 | ||
| 650 | 1 |
_aFantasy. _93293 |
|
| 700 | 1 |
_aMyers, Christopher, _eill. _927609 |
|
| 906 |
_a7 _bcbc _corignew _d1 _eocip _f19 _gy-gencatlg |
||
| 942 |
_2lcc _cBK |
||
| 999 |
_c47406 _d47406 |
||